Metalografická a fraktografická analýza zlomenej torznej pružiny

Na minha lista:
Detalhes bibliográficos
Autor principal: Vlk, Ľubomír (Author)
Outros Autores: Grgač, Peter (Thesis advisor)
Formato: Manuscrito Livro
Idioma:eslovaco
Publicado em: 2017
Assuntos:
Acesso em linha:http://is.stuba.sk/zp/portal_zp.pl?podrobnosti=126819
Tags: Adicionar Tag
Sem tags, seja o primeiro a adicionar uma tag!

MARC

LEADER 00000ntm a22000003a 4500
001 stuzp63452
003 SK-STU
005 20170610210805.3
007 ta
008 150427s2015----xo-----f-mn---000-0-slo-d
040 |a STU  |b slo 
041 0 |a slo 
100 1 |a Vlk, Ľubomír  |u 061000  |k Z4  |4 aut  |U MTF Materiálovotechnologická fakulta  |T MTF Ústav materiálov  |X 47228  |U M1000  |Y 81  |7 47228 
242 0 1 |a Metallographic and fractographic analysis of broken torsion spring  |y eng 
245 1 0 |a Metalografická a fraktografická analýza zlomenej torznej pružiny 
260 |c 2017 
650 4 |a pružina  |2 slo 
650 4 |a výroba drôtov  |2 slo 
650 4 |a únava materiálu  |2 slo 
650 4 |a spring  |2 eng 
650 4 |a wires production  |2 eng 
650 4 |a fatique of material  |2 eng 
700 1 |a Grgač, Peter  |u 061000  |k Z1  |4 ths  |U MTF Materiálovotechnologická fakulta  |T MTF Ústav materiálov  |X 4174  |U M1000  |Y 81  |7 A000004174 
856 4 |u http://is.stuba.sk/zp/portal_zp.pl?podrobnosti=126819 
996 |c M* DP-13440  |l MMSKP  |s P  |a 0  |w stuzp63452_0001